000 00915nam a2200229Ii 4500
003 JO-AjNU
008 230605s9999||||xx |||||||||||||| ||und||
017 _a2011/10014
020 _a978-977-04-6749-3
040 _aJO-AjNU
_bara
_erda
_cJO-AjNU
041 _aara
050 1 4 _aK115.2011
100 3 _aاعداد حسن السيد ، نور الحجايا,
_eauthor
_953030
245 0 0 _aالتنظيم القانوني لمهنة المحاماة في دولة قطر : دراسة مقارنة مع قانون نقابة المحامين النظاميين الاردني
250 _aط1
264 3 1 _aالقاهرة : دار النهضة العربية ، 2011
300 _a165ص
_bيشتمل على ببلوغرافية ص (157 -162 )
336 _atext
_btxt
_2rdacontent
337 _aunmediated
_bn
_2rdamedia
338 _avolume
_bnc
_2rdacarrier
650 4 _aالمحاماة -- قطر
_953031
999 _aA23527
_c27095
_d27095